<?xml version="1.0" encoding="UTF-8"?>
<record
    xmlns:xsi="http://www.w3.org/2001/XMLSchema-instance"
    xsi:schemaLocation="http://www.loc.gov/MARC21/slim http://www.loc.gov/standards/marcxml/schema/MARC21slim.xsd"
    xmlns="http://www.loc.gov/MARC21/slim">

  <leader>02014nam a2200373 i 4500</leader>
  <controlfield tag="001">000016512</controlfield>
  <controlfield tag="003">DO-SdBNP</controlfield>
  <controlfield tag="005">20240409101556.0</controlfield>
  <controlfield tag="007">ta</controlfield>
  <controlfield tag="008">100305s1983  dr abcd       001 0 spa d</controlfield>
  <datafield tag="040" ind1=" " ind2=" ">
    <subfield code="a">DO-SdBNP</subfield>
    <subfield code="b">spa</subfield>
    <subfield code="c">BPMSU</subfield>
    <subfield code="e">rda</subfield>
  </datafield>
  <datafield tag="041" ind1=" " ind2=" ">
    <subfield code="h">spa</subfield>
  </datafield>
  <datafield tag="082" ind1=" " ind2="4">
    <subfield code="a">557.293</subfield>
    <subfield code="b">V364u, 1983</subfield>
    <subfield code="2">22</subfield>
  </datafield>
  <datafield tag="100" ind1="1" ind2=" ">
    <subfield code="a">Vaughan, Thomas Wayland,</subfield>
    <subfield code="d">1870-1952</subfield>
    <subfield code="e">autor</subfield>
  </datafield>
  <datafield tag="245" ind1="1" ind2="0">
    <subfield code="a">Un reconocimiento geol&#xF3;gico de la Rep&#xFA;blica Dominicana /</subfield>
    <subfield code="c">T. W. Vaughan.</subfield>
  </datafield>
  <datafield tag="264" ind1=" " ind2=" ">
    <subfield code="a">Santo Domingo :</subfield>
    <subfield code="b">Sociedad Dominicana de Bibli&#xF3;filos :</subfield>
    <subfield code="b">Editora Santo Domingo,</subfield>
    <subfield code="c">1983.</subfield>
  </datafield>
  <datafield tag="300" ind1=" " ind2=" ">
    <subfield code="a">306 p&#xE1;ginas :</subfield>
    <subfield code="b">ilustraciones, gr&#xE1;ficos., mapas, retratos. ;</subfield>
    <subfield code="c">24 cm.</subfield>
  </datafield>
  <datafield tag="336" ind1=" " ind2=" ">
    <subfield code="2">rdacontent</subfield>
    <subfield code="a">texto</subfield>
    <subfield code="b">txt</subfield>
  </datafield>
  <datafield tag="337" ind1=" " ind2=" ">
    <subfield code="2">rdamedia</subfield>
    <subfield code="a">sin mediaci&#xF3;n</subfield>
    <subfield code="b">n</subfield>
  </datafield>
  <datafield tag="338" ind1=" " ind2=" ">
    <subfield code="2">rdacarrier</subfield>
    <subfield code="a">volumen</subfield>
    <subfield code="b">nc</subfield>
  </datafield>
  <datafield tag="490" ind1="0" ind2=" ">
    <subfield code="a">Cultura dominicana</subfield>
    <subfield code="v">48</subfield>
  </datafield>
  <datafield tag="500" ind1=" " ind2=" ">
    <subfield code="a">Incluye referencias bibliogr&#xE1;ficas y notas al pie de las p&#xE1;ginas.</subfield>
  </datafield>
  <datafield tag="504" ind1=" " ind2=" ">
    <subfield code="a">Bibliograf&#xED;a p&#xE1;ginas 19-26</subfield>
  </datafield>
  <datafield tag="505" ind1="0" ind2=" ">
    <subfield code="a">Introducci&#xF3;n /</subfield>
    <subfield code="r">Thomas Wayland Vaughan --</subfield>
    <subfield code="g">Bibliograf&#xED;a /</subfield>
    <subfield code="r">Wendell Phillips Woodrings --</subfield>
    <subfield code="t">Geograf&#xED;a /</subfield>
    <subfield code="r">Wythe Cooke --</subfield>
    <subfield code="t">Geolog&#xED;a estratigr&#xE1;fica y de estructura e historia geol&#xF3;gica /</subfield>
    <subfield code="r">Wythe Cooke --</subfield>
    <subfield code="t">Paleontolog&#xED;a estratigr&#xE1;fica terciaria y cuaternaria /</subfield>
    <subfield code="r">Thomas Wayland Vaughan y Wendell Phillips Woodrings --</subfield>
    <subfield code="t">Geolog&#xED;a e hidrograf&#xED;a de las inmediaciones de Montecristi --</subfield>
    <subfield code="r">Clyde P. Ross --</subfield>
    <subfield code="t">Geolog&#xED;a de las provincias de Barahona y Azua /</subfield>
    <subfield code="r">D. Dale Condit y Clyde P. Ross --</subfield>
    <subfield code="t">Geolog&#xED;a econ&#xF3;mica /</subfield>
    <subfield code="r">D. Dale Condit y Clyde P. Ross .</subfield>
  </datafield>
  <datafield tag="533" ind1=" " ind2=" ">
    <subfield code="a">Facs&#xED;mil :</subfield>
    <subfield code="b">Washington :</subfield>
    <subfield code="c">United States Geological Survey :</subfield>
    <subfield code="c">Secretar&#xED;a de Estado de Fomento y Comunicaciones de la Rep&#xFA;blica Dominicana,</subfield>
    <subfield code="d">1922.</subfield>
  </datafield>
  <datafield tag="590" ind1=" " ind2=" ">
    <subfield code="a">Inventariado, 2024/VM</subfield>
  </datafield>
  <datafield tag="650" ind1=" " ind2="4">
    <subfield code="a">Geolog&#xED;a</subfield>
    <subfield code="z">Rep&#xFA;blica Dominicana</subfield>
  </datafield>
  <datafield tag="650" ind1=" " ind2="4">
    <subfield code="a">Paleontolog&#xED;a</subfield>
  </datafield>
  <datafield tag="650" ind1=" " ind2="4">
    <subfield code="a">Minas</subfield>
    <subfield code="z">Rep&#xFA;blica Dominicana</subfield>
  </datafield>
  <datafield tag="650" ind1=" " ind2="4">
    <subfield code="a">Topograf&#xED;a</subfield>
    <subfield code="z">Rep&#xFA;blica Dominicana</subfield>
  </datafield>
  <datafield tag="710" ind1="2" ind2=" ">
    <subfield code="a">Sociedad Dominicana de Bibli&#xF3;filos (Rep&#xFA;blica Dominicana)</subfield>
  </datafield>
  <datafield tag="910" ind1=" " ind2=" ">
    <subfield code="a">VMateo V. Control de calidad BPMSU</subfield>
  </datafield>
  <datafield tag="942" ind1=" " ind2=" ">
    <subfield code="2">ddc</subfield>
    <subfield code="c">BK</subfield>
  </datafield>
  <datafield tag="952" ind1=" " ind2=" ">
    <subfield code="0">0</subfield>
    <subfield code="1">0</subfield>
    <subfield code="2">ddc</subfield>
    <subfield code="4">0</subfield>
    <subfield code="7">0</subfield>
    <subfield code="8">CD</subfield>
    <subfield code="a">BPMET</subfield>
    <subfield code="b">BPMET</subfield>
    <subfield code="d">2024-04-09</subfield>
    <subfield code="e">Ernesto Morales P&#xE9;rez </subfield>
    <subfield code="l">0</subfield>
    <subfield code="o">BPMSU CD 557.293 V364u, 1983</subfield>
    <subfield code="p">BPMSU24040006</subfield>
    <subfield code="r">2024-04-09</subfield>
    <subfield code="t">v.1</subfield>
    <subfield code="w">2024-04-09</subfield>
    <subfield code="y">BK</subfield>
  </datafield>
  <datafield tag="952" ind1=" " ind2=" ">
    <subfield code="0">0</subfield>
    <subfield code="1">0</subfield>
    <subfield code="2">ddc</subfield>
    <subfield code="4">0</subfield>
    <subfield code="7">0</subfield>
    <subfield code="8">CD</subfield>
    <subfield code="a">BPMET</subfield>
    <subfield code="b">BPMET</subfield>
    <subfield code="d">2024-04-09</subfield>
    <subfield code="e">Ernesto Morales P&#xE9;rez </subfield>
    <subfield code="l">0</subfield>
    <subfield code="o">BPMSU CD 557.293 V364u, 1983</subfield>
    <subfield code="p">BPMSU25050013</subfield>
    <subfield code="r">2025-05-09</subfield>
    <subfield code="t">v.1, e.2</subfield>
    <subfield code="w">2024-04-09</subfield>
    <subfield code="y">BK</subfield>
  </datafield>
  <datafield tag="999" ind1=" " ind2=" ">
    <subfield code="c">14619</subfield>
    <subfield code="d">14619</subfield>
  </datafield>
</record>
